Quizzes
Events
Quiz Creation
Community
Videos
Private Events
Remove Ads
Sign In
Join for FREE
Feedback
Dark Mode
Quiz Categories
Sports
Geography
Music
Movies
Television
Just For Fun
Miscellaneous
History
Literature
Language
Science
Gaming
Entertainment
Religion
Holiday
For Kids
Quiz Lab
Recent
Popular Today
Quiz Kudos Today
Editor Picks
Curator Picks
Quizzes by...
Day
Popularity
Type
Ratings
Length
Year
Community
Subscriptions
Recent Discussions
Orange Saloon
Badges
Playlists
Quests
Create
Leaderboards
Showdown
Live 5
Trivia Bingo
Activity
Puzzle Library
Sporcle Events
Private Events
Virtual Trivia
Globe League
Become a Host
Pub Owners
SporcleCon
Opinionation
Our Games
Videos
Blog
Mobile Apps
Partnerships
Remove Ads and Go Orange
Feedback
Geography
Country
Landmarks
City
State
Population
World
Capital
Continent
Flags
Europe
Africa
Asia
South America
North America
Oceania
Border
Canada
United Kingdom
Topography
United States
Geography
Country
Landmarks
City
State
Population
World
Capital
Continent
Flags
Europe
Africa
Asia
South America
North America
Oceania
Border
Canada
United Kingdom
Topography
United States
Random Quiz
Search Sporcle
×
Quiz Lab
Quiz Lab
Geography
Country
Type in answers that appear in a list
Type in answers that appear in a list
Classic
Best Score? Go Orange.
National Dishes of Europe Stats
Can you name the National Dishes of Europe?
By
biggers
10m
38 Questions
442 Plays
442 Plays
442 Plays
Comments
Comments
Give Quiz Kudos
Give Quiz Kudos
-
- Ratings
hide this ad
Replay
Link that replays current quiz
Next Quiz
Link to next quiz in quiz playlist
You Got
0%
They Got
Avg Score
24%
Avg Friend Score
Upgrade to see
Score Distribution
Jump to the score distribution portion of the page
Score
0/38
Timer
10:00
0
Plays Today
Country
Dish
% Correct
Italy
Pizza
76%
Germany
Sauerkraut
67.2%
Spain
Paella
67%
Hungary
Goulash
58.6%
France
Foie gras
56.3%
Turkey
Kebab
56.1%
Austria
Wiener Schnitzel
48%
Belgium
Pommes Frites
44.8%
Greece
Moussaka
44.3%
United Kingdom
Roast beef
43.7%
Bulgaria
Sarma
39.6%
Sweden
Smorgasbord
34.4%
Ireland
Irish stew
32.1%
Switzerland
Rosti
27.1%
Denmark
Frikadeller
21.5%
Norway
Lutefisk
20.8%
Belarus
Latkes
17.9%
Bosnia and Herzegovina
Borek
17.4%
Moldova
Mamaliga
14.3%
Country
Dish
% Correct
Romania
Mamaliga
14.3%
Portugal
Bacalhau
13.8%
Netherlands
Stamppot
12.4%
Iceland
Hakarl
12%
Albania
Tave Kosi
10.2%
Estonia
Verivorst
9.7%
Russia
Shchi
9.5%
Andorra
Escudella
7.2%
Lithuania
Cepelinai
7.2%
Georgia
Khinkali
6.8%
Czech Republic
vepro-knedlo-zelo
5.2%
Slovenia
Potica
4.5%
Croatia
Brudet
4.1%
Serbia
Duvec
3.8%
Finland
Hernekeitto
3.4%
Macedonia
Tavce Gravce
2.5%
Slovakia
Bryndzove Halusky
2.5%
Cyprus
Sheftalia
2.3%
Latvia
Pirags
1.6%
Quiz Playlist
Details
Report
Send in Message
Add To Playlist
Classic:
Type in answers that appear in a list
Last Updated: Feb 16, 2017
Quiz Scoreboard
CHALLENGE
Sign Up to Join the Scoreboard
Show All
Scores
Hide
Comments
May contain spoilers
Recently Published
An Introduction to Baseball
by treessimontrees
Sports
5m
Movies - When Are They Set?
by FPL_Elf
Movies
5m
Popular People in 1961
by mucciniale
History
6m
More to Explore
Quiz From the Vault
Featured Blog Post
Where Did the Easter Bunny Come From?
hide this ad
You Might Also Like...
Tags
Country Quiz
Europe Quiz
dish
national
National Dishes
Today's Top Quizzes in Geography
Browse Geography
hide this ad
Today's Top Quizzes in Country
Browse Country
Top Contributed Quizzes in Geography
1
Countries of the World - No Outlines Minefield
2
Top 25 Cities of France on a map
3
Closest Countries to UK A-Z
4
Any capital of a 'B' country per Continent
5
One Thing in Common: United Kingdom
6
Find the Provinces of Canada - No Outlines Minefield
7
Any capital of a 'C' country per Continent
8
Blind Secret Country CLXXXVIII
9
Find the US States - No Outlines
10
Any capital of a 'D' country per Continent
Explore More
Trending Topics
Harry Potter
Kpop
Anime
NBA
Crossword
Disney
Marvel
Puzzle
The Office
Soccer
WWE
NFL
Pokémon
Country
Song
hide this ad
More By:
biggers
Quiz
Plays
Rating
Category
Featured
Created
Europe by Internet Country Code
56,717
4.54
Geography
Feb 6, 2010
Asia by Internet Country Code
3,210
4.81
Geography
Feb 7, 2010
Cycling - The Classics
2,840
2.31
Sports
Oct 19, 2009
Largest towns in Northern Ireland
2,275
3.63
Geography
Sep 26, 2009
London Landmarks and the Tube
2,215
4.50
Geography
Dec 4, 2009
Go to Creator's Profile
Score Distribution
Quiz Creator Spotlight
biggers
Follow
Send a Message
Quizzes Created
-
Created Quiz Play Count
-
More By This Creator
Popular Quizzes Today
1
Find the Countries of Europe - No Outlines Minefield
2
Find the US States - No Outlines Minefield
3
The Countries of the World
4
Popular People in 1961
5
US States
6
Find the US States
7
1-10 Letter E Words III
8
Risky Map Clicking: Biggest States A-Z
More Geography Quizzes
Mountain by Country
Published
Trending Quizzes
Risky Map Clicking: Least Populous States A-Z
1-10 Letter F Words
1-10 Letter G Words
One Thing in Common: United Kingdom
Not Quite an Element Typing Challenge
Recently Updated
Leaping Animals
pecheneg
Reality TV Shows (A-Z)
bhenderson79
Rickey Henderson's Hall of Fame Teammates
pecheneg
Champions League XIs: Arsenal
pecheneg
Quick Pick: Celebrities in WWE's Hall of Fame
aduchscher
A-Z Keypad Blitz II
pecheneg
Multiple Oscar Actors
pecheneg
Mystery Phrase Blitz: Oscar 'Best Actors'
pecheneg
F. Scott Fitzgerald Novels
LTH
Pick 3 Villains
ddd62291
Trending Topics
Marvel
Anime
Kpop
NBA
Harry Potter
Crossword
Disney
Song
WWE
The Office
Country
Soccer
NFL
Pokémon
Puzzle
Your Account Isn't Verified!
In order to create a playlist on Sporcle, you need to verify the email address you used during registration. Go to your
Sporcle Settings
to finish the process.
Report this User
Report this user for behavior that violates our
Community Guidelines
.
Details:
Send Report
Go to the Sporcle.com Mobile Site →
Comments